Logos with Red - Statistics

General Stats
  • This quiz has been taken 39 times
  • The average score is 11 of 16
Answer Stats
Picture Answer % Correct
Target
94%
KFC
88%
LG
88%
Mitsubishi
88%
Tesla
84%
Chick-Fil-A
78%
Kellogg's
75%
Canon
72%
Vodafone
72%
Huawei
69%
Jack In The Box
66%
Kmart
50%
Circle K
44%
Jollibee
44%
Crest
31%
Ariel
22%
No matching quizzes found
Score Distribution
Percent of People with Each Score
Percentile by Number Answered
Your Score History
You have not taken this quiz